Normal view MARC view
  • Panchpor Veidehi

Entry Personal Name

Number of records used in: 2

001 - CONTROL NUMBER

  • control field: 119786

003 - CONTROL NUMBER IDENTIFIER

  • control field: OSt

005 - DATE AND TIME OF LATEST TRANSACTION

  • control field: 20230222151517.0

008 - FIXED-LENGTH DATA ELEMENTS

  • fixed length control field: 230222|| aca||aabn | a|a d

040 ## - CATALOGING SOURCE

  • Original cataloging agency: OSt
  • Transcribing agency: OSt

100 ## - HEADING--PERSONAL NAME

  • Personal name: Panchpor Veidehi

670 ## - SOURCE DATA FOUND

  • Source citation: Work cat.: (OSt)98271: Panchpor Veidehi, Develoing An Existing Village The Ogbc Green Villoage Rating System, may2022